Statistics for Most common boy names in the world

Click here to take the quiz!

General Stats

  • This quiz has been taken 29 times
  • The average score is 5 of 15

Answer Stats

Answer% Correct
James
69%
William
62%
Oliver
50%
Michael
42%
Daniel
35%
Henry
35%
Alexander
27%
Ethan
27%
Jacob
27%
Liam
27%
Lucas
27%
Noah
27%
Benjamin
23%
Elijah
19%
Mason
8%

Score Distribution

Percentile by Number Answered

Percent of People with Each Score

Your Score History

You have not taken this quiz